[Event "Spring Tour GM Mix B 2022"]
[Site "Cattolica"]
[Date "2022.03.11"]
[Round "3.6"]
[White "Dimitrov, Radoslav"]
[Black "Pfreundt, Jakob"]
[Result "1-0"]
[WhiteElo "2487"]
[BlackElo "2392"]
[Annotator "TA"]
[PlyCount "83"]
[EventDate "2022.03.10"]
[EventType "swiss"]
[EventCountry "ITA"]
[SourceTitle "playchess.com"]
[Source "ChessBase"]
[SourceQuality "1"]

{[%evp 11,83,-14,-10,-8,-11,-20,15,13,9,-30,-16,-23,-33,-25,0,-52,-49,-56,-31,-66,-53,-52,-49,-94,-29,-37,-22,-50,11,0,0,0,0,3,628,681,663,629,674,655,722,691,883,889,1223,1158,1203,1159,1277,1016,1143,657,1658,896,2628,1031,1135,960,2502,1412,1899,1762,1472,1143,2076,1340,1220,1271,1463,1417,5816,1452,29989,29990]} 1. e4 c5 2. Nc3 e6 3. f4 d5 4. Nf3 dxe4 5. Nxe4 Nc6 6. g3 Be7 7. Bg2 {B21: Sicilian: 2 f4 and Morra Gambit.} Nh6 8. O-O Nf5 9. d3 {The position is equal.} h5 10. h3 {[#]} Qc7 $146 ({Predecessor:} 10... b6 11. Bd2 Bb7 12. Kh2 Qc7 13. a4 O-O-O 14. a5 Nxa5 15. Rxa5 bxa5 16. Qa1 h4 17. Bxa5 hxg3+ {0-1 (36) Streit,H-Martorelli,A (2243) Positano 2008}) 11. c3 b6 12. Qe2 Bb7 13. a3 (13. Be3 $11) 13... Na5 $15 14. Nfd2 {To avoid Nb3} Rd8 (14... c4 $5) 15. Rf3 c4 16. dxc4 h4 17. b4 {[#] To avoid Bc5+} (17. g4 $15 {might be stronger.}) 17... hxg3 $1 18. bxa5 $11 Nh4 (18... bxa5 19. Nxg3 Nh4 20. Rb1 $11) (18... Bc5+ $5 19. Kf1 Nh4 $11) 19. Nxg3 Qc6 (19... Nxf3+ 20. Nxf3 Bxf3 21. Qxf3 $16) (19... bxa5 20. Rb1 $14) (19... Nxg2 20. axb6 axb6 21. Qxg2 $14) (19... g5 $1 $15 20. Nde4 Nxf3+ 21. Qxf3 f5 22. Nf6+ Bxf6 23. Qxb7 Rd1+ 24. Kf2 Qxb7 25. Bxb7 Bxc3) 20. Bh1 {Rf2 is the strong threat.} Rxd2 21. Bxd2 {The board is on fire.} Nxf3+ 22. Kf2 $1 {[%cal Rh1f3]} Nxd2 {[%mdl 8192] Black cannot hold the game after this.} 23. Bxc6+ $18 Bxc6 24. Qxd2 Rxh3 25. Nf1 {Inhibits Rh2+.} Bf3 26. Qb2 Bc5+ 27. Ke1 Rh1 28. axb6 axb6 29. a4 Rg1 30. Ra2 Ke7 31. a5 bxa5 32. Rxa5 Be3 33. Qh2 {And now Qh3 would win.} Bb6 34. Rb5 Ba7 35. Qh4+ f6 36. c5 Rg2 37. Nd2 Bc6 {[#]} 38. Rb6 $1 Rg1+ (38... Bxb6 39. cxb6) 39. Kf2 Rg2+ 40. Ke3 Bd7 41. Kd3 {Rb7 would kill now.} e5 42. Rb7 {Weighted Error Value: White=0.12 (very precise) /Black=0.56} 1-0

[Event "Spring Tour GM Mix B 2022"]
[Site "Cattolica"]
[Date "2022.03.11"]
[Round "3.7"]
[White "Moksh Amit Doshi"]
[Black "Davtyan, Artur"]
[Result "1-0"]
[WhiteElo "2396"]
[BlackElo "2460"]
[Annotator "TA"]
[PlyCount "109"]
[EventDate "2022.03.10"]
[EventType "swiss"]
[EventCountry "ITA"]
[SourceTitle "playchess.com"]
[Source "ChessBase"]
[SourceQuality "1"]

{[%evp 22,109,22,10,25,20,22,17,16,25,29,35,49,17,12,9,18,1,18,12,17,17,19,16,29,30,42,44,52,37,41,37,52,52,52,52,52,52,54,40,52,52,59,55,59,59,59,44,116,28,28,30,43,42,90,77,224,162,188,177,169,176,168,184,201,185,344,340,430,534,542,488,420,287,642,548,530,500,1156,594,627,309,380,379,371,368,404,411,552,544]} 1. d4 d5 2. c4 e6 3. Nf3 Nf6 4. g3 Be7 5. Bg2 O-O 6. O-O dxc4 7. Qc2 a6 8. a4 Bd7 9. Qxc4 Bc6 10. Bf4 a5 11. Nc3 Na6 12. Rac1 Bb4 {E05: Open Catalan: 5 Nf3 Be7.} 13. Rfe1 h6 14. Qd3 Rc8 {[#] The position is equal.} 15. Qc2 $146 ({Predecessor:} 15. Qb1 Nd5 16. Be3 Nxe3 17. fxe3 Be7 18. e4 Nb4 19. Rcd1 b6 20. Rf1 Bb7 21. Bh3 {½-½ (29) Donchenko,A (2612)-Bernotas,A (2406) Riga 2018}) 15... Nd5 16. Bd2 Nb6 17. b3 Bxf3 18. Bxf3 Nd5 19. Ne4 {[%cal Bc3e4,Be4d2,Bd2c4,Bc4e5][%mdl 32]} c6 20. Red1 Qe7 21. Bxb4 Ndxb4 22. Qb2 Rfd8 23. Nd2 Ra8 24. Nc4 Nc7 25. h4 Ne8 26. e3 Nd6 27. Ne5 Rac8 28. Rc5 Qc7 29. Qe2 Qb6 30. Bh5 Na6 31. Rc3 Nb4 32. Qf3 {[%cal Rh5f7]} Qc7 33. e4 {[%cal Od4d5]} Qe7 34. Qe2 g6 (34... Rc7 $14) 35. Bg4 {White is more active.} ({White should play} 35. Qg4 $1 $16 {Black must now prevent Rf3.} g5 36. hxg5 Qxg5 37. Qh3 (37. Bxf7+ Nxf7 38. Qxe6 Rc7 $15)) 35... h5 $11 36. Bh3 Kg7 37. Nf3 Rc7 {[#]} (37... Re8 $14 {should be considered.}) 38. Ng5 $1 $16 e5 {Black cannot hold the game after this.} (38... b6 $16 {was necessary.}) 39. Rf3 c5 40. dxe5 Qxe5 41. Re3 Nc6 {[#]} 42. Rd5 (42. f4 $6 Qe7 $14) 42... Qa1+ 43. Kg2 {Hoping for Qd2. Dancing on a razor blade.} Ne8 $2 (43... Nd4 $2 44. Qd2 b6 45. Re1 Nxb3 46. Rxa1 $18) (43... Nf5) 44. Qb5 $18 {aiming for Rxd8.} ({Worse is} 44. Rxc5 Rd1 45. Nf3 Nd4 $11) 44... Nd4 45. Qxa5 Rb8 46. Qa7 Nc6 47. Qxc5 Kg8 $2 (47... Ne7) 48. Rd7 {[%cal Og5e6]} Rxd7 49. Bxd7 Ne5 (49... Qe5 $142 50. Qd5 Qe7 51. Bxc6 bxc6 52. Qxc6 Qc7 53. Qxc7 Nxc7) 50. Bh3 {And now Rc3 would win.} Rd8 51. Qc3 (51. Qe7 $142 Rd1 52. Nf3) 51... Rd1 {( -> ...Rg1+)} 52. Qxa1 (52. Qc8 $2 {gets mated.} Rg1+ 53. Kh2 Rh1+ 54. Kg2 Qg1#) 52... Rxa1 53. Nf3 Nxf3 54. Kxf3 ({Less strong is} 54. Rxf3 Kg7 55. Rd3 Ra3 $18) 54... Nc7 55. Rc3 {Prevents Rc1.  Weighted Error Value: White=0.30/Black=0.31} 1-0

[Event "Spring Tour GM Mix B 2022"]
[Site "Cattolica"]
[Date "2022.03.11"]
[Round "3.8"]
[White "Jobava, Baadur"]
[Black "Kanyamarala, Tarun"]
[Result "1/2-1/2"]
[WhiteElo "2588"]
[BlackElo "2343"]
[Annotator "TA"]
[PlyCount "23"]
[EventDate "2022.03.10"]
[EventType "swiss"]
[EventCountry "ITA"]
[SourceTitle "playchess.com"]
[Source "ChessBase"]
[SourceQuality "1"]

{[%evp 12,23,24,11,12,0,13,10,8,-38,-35,-51,-12,-25]} 1. e4 c5 2. Nf3 Nc6 3. Bb5 g6 4. Bxc6 dxc6 5. h3 Bg7 6. d3 Nf6 7. Nc3 Nd7 $1 {[%mdl 4] now scores much better than the old 7...0-0. B31: Sicilian: 2...Nc6 3 Bb5 g6.} 8. Bg5 h6 9. Be3 e5 {[#]} 10. g4 $146 (10. a4 $11 {might be stronger.}) ({Predecessor:} 10. Qd2 Qe7 11. O-O g5 12. Ne2 Nf6 13. Qc3 b6 14. Qxe5 Qxe5 15. Nxe5 Nxe4 16. Nxc6 {½-½ (64) Ghukasyan,S (2222)-Jafarli,B (2020) Chess.com INT 2020}) 10... b6 11. a4 a5 12. Nd2 {Black took control after the opening.  Weighted Error Value: White=0.17 (very precise) /Black=0.11 (very precise)} 1/2-1/2

[Event "Spring Tour GM Mix B 2022"]
[Site "Cattolica"]
[Date "2022.03.11"]
[Round "3.9"]
[White "Mirzoev, Emil"]
[Black "Roshka, Yevgeniy"]
[Result "1/2-1/2"]
[WhiteElo "2460"]
[BlackElo "2478"]
[Annotator "TA"]
[PlyCount "63"]
[EventDate "2022.03.10"]
[EventType "swiss"]
[EventCountry "ITA"]
[SourceTitle "playchess.com"]
[Source "ChessBase"]
[SourceQuality "1"]

{[%evp 32,63,0,0,0,0,0,0,0,0,0,0,0,0,0,0,0,-18,-18,-18,-18,-18,-18,-18,-10,-10,-8,-18,-8,-8,-3,-10,-8,-18]} 1. e4 c6 2. d4 d5 3. exd5 cxd5 4. c4 Nf6 5. Nc3 Nc6 6. Nf3 Bg4 7. cxd5 Nxd5 8. Qb3 Bxf3 9. gxf3 e6 10. Qxb7 Nxd4 11. Bb5+ Nxb5 12. Qc6+ Ke7 13. Qxb5 Qd7 14. Nxd5+ Qxd5 15. Qxd5 exd5 16. O-O {The modern move.} Ke6 17. Be3 {The position is equal.} Be7 {B13: Caro-Kann: Exchange Variation and Panov-Botvinnik Attack.} 18. Bd4 Bf6 19. Rfe1+ Kf5 20. Rad1 Rhd8 {[#]} 21. b3 $146 ({Predecessor:} 21. b4 Rd7 22. a4 Bxd4 23. Rxd4 g5 24. b5 Rc8 25. Red1 Ke5 26. a5 Rc5 27. Rb4 {1-0 (47) Polanyi,P (2050)-Prohaszka,P (2000) Budapest 2001}) 21... Rd7 22. Bxf6 Kxf6 $11 {[%mdl 4096] Endgame KRR-KRR} 23. Rd4 Rc8 24. Red1 Rc2 25. Rxd5 Rxd5 26. Rxd5 Rxa2 {KR-KR} 27. Rd7 a5 28. Ra7 Ra3 29. Kg2 Rxb3 {Strongly threatening ...Rb5.} 30. Ra6+ Kg5 {Hoping for ...Rb5.} 31. Ra7 a4 32. Ra5+ {A rather calm draw.  Weighted Error Value: White=0.03 (flawless) /Black=0.02 (flawless)} 1/2-1/2

[Event "Spring Tour GM Mix B 2022"]
[Site "Cattolica"]
[Date "2022.03.11"]
[Round "3.10"]
[White "Williams, Simon K"]
[Black "Formento, Paolo"]
[Result "1-0"]
[WhiteElo "2464"]
[BlackElo "2359"]
[Annotator "TA"]
[PlyCount "61"]
[EventDate "2022.03.10"]
[EventType "swiss"]
[EventCountry "ITA"]
[SourceTitle "playchess.com"]
[Source "ChessBase"]
[SourceQuality "1"]

{[%evp 17,61,-5,2,1,31,26,22,24,34,30,45,19,26,18,70,66,154,141,145,148,151,145,145,114,190,173,192,179,276,256,272,241,255,283,245,0,739,684,952,677,644,619,1425,1396,1951,1737]} 1. e4 e5 2. Nf3 Nc6 3. Bc4 Bc5 4. c3 Nf6 5. d4 exd4 6. e5 d5 7. Bb5 Ne4 8. cxd4 Bb6 9. Nc3 O-O 10. Be3 {C54: Giuoco Piano: 4 c3 Nf6, main lines with 5 d4 and 5 d3.} Ne7 11. Bd3 Bf5 12. O-O {The position is equal.} Nxc3 13. bxc3 Qd7 14. Nh4 Bxd3 15. Qxd3 f5 {[#]} ({Black should try} 15... f6 $11) 16. a4 $146 ({Predecessor:} 16. f4 Rac8 17. a4 c5 18. a5 c4 19. Qc2 Bd8 20. Nf3 Nc6 21. a6 b5 22. Bc1 b4 23. cxb4 Nxb4 24. Qc3 Nd3 25. Ba3 Re8 26. Ne1 {½-½ (26) Alsina Leal,D (2500)-Postny,E (2582) Cattolica 2021}) 16... a5 (16... Nc6 $14) 17. Rfe1 $16 f4 18. Bc1 Qe6 19. Ba3 Rf7 20. Rab1 g5 (20... Nc6 $16) 21. Nf3 $18 h6 22. Rb5 Nf5 (22... Nc8 {keeps fighting.} 23. Rbb1 Rb8) 23. c4 $1 dxc4 24. Qe4 g4 {[#]} 25. d5 $1 {[%cal Bd4d5,Bd5d6][%mdl 32]} Qg6 {[#]} 26. e6 $2 ({White must play} 26. Rxb6 $1 $18 {[%mdl 512]} cxb6 (26... Qxb6 27. e6) 27. e6 gxf3 28. exf7+ Qxf7 29. Qxf4) 26... Re7 $2 {[%mdl 8192]} 27. Ne5 {White is clearly winning.} Qh5 28. Qxf4 {Active counter play!} Rg7 {Strongly threatening ...g3.} 29. Nd7 {And now Nf6+ would win.} Bd4 {Prevents Nf6+.} 30. d6 c5 31. Rxc5 {Weighted Error Value: White=0.27 (precise) /Black=0.26 (precise)} 1-0

[Event "Spring Tour GM Mix B 2022"]
[Site "Cattolica"]
[Date "2022.03.12"]
[Round "4.6"]
[White "Pfreundt, Jakob"]
[Black "Park, Evan"]
[Result "1/2-1/2"]
[WhiteElo "2392"]
[BlackElo "2296"]
[Annotator "TA"]
[PlyCount "115"]
[EventDate "2022.03.10"]
[EventType "swiss"]
[EventCountry "ITA"]
[SourceTitle "playchess.com"]
[Source "ChessBase"]
[SourceQuality "1"]

{[%evp 9,115,0,7,0,34,27,26,26,22,22,37,-12,0,-8,-4,-11,-22,-9,-5,-33,-21,-30,-17,-29,-15,-17,-15,-20,-7,-15,-7,-7,0,0,0,-21,-5,-6,-5,-12,0,0,0,-1,-1,-8,0,0,0,0,0,0,0,0,0,-214,-241,-245,-227,-216,-214,-198,-164,-167,-2,-2,-2,-2,-2,-479,-435,-435,0,0,0,-416,-339,-357,-343,-261,-8,-1297,-1333,-1104,-1352,-1287,-1208,-1086,-1002,-1000,0,0,0,-8,-8,-8,0,-8,-10,-697,0,0,0,0,0,0,0,0]} 1. e4 c5 2. Nc3 e6 3. d4 cxd4 4. Qxd4 Nc6 5. Qe3 Nf6 6. Nf3 {B23: Closed Sicilian: Lines without g3.} d5 (6... Bb4 $5 {[%cal Rd7d5]}) 7. exd5 Nxd5 8. Nxd5 {White has an edge.} Qxd5 9. Bd3 Bc5 {[#]} 10. Qe4 $146 (10. Qe2 $1 $14) ({Predecessor:} 10. Qe2 O-O 11. c3 Bd6 12. Be4 Qh5 13. Be3 f5 14. Bxc6 bxc6 15. O-O-O Bc7 16. Qc4 {½-½ (71) Ganguly,S (2635)-Bilguun,S (2454) Chess.com INT 2020}) 10... Nb4 11. Qxd5 exd5 12. Be3 Nxd3+ 13. cxd3 Bb4+ 14. Bd2 Bd6 15. Nd4 Bd7 16. a3 f6 17. Be3 Kf7 18. Kd2 Rac8 19. Rac1 Rxc1 20. Rxc1 g5 (20... Bxh2 $2 21. g3 $18) 21. g3 h5 22. Nb3 b6 23. Nd4 h4 24. Ne2 hxg3 25. hxg3 Rh2 26. Bd4 Bg4 27. Rc6 Ke6 28. b4 f5 29. Rc8 Bxe2 30. Re8+ Kd7 31. Rxe2 $11 {[%mdl 4096] Endgame KRB-KRB} g4 32. Be5 $2 {[#]} (32. f4 $11 {and White has nothing to worry.} Rh3 33. Re3) 32... Bxe5 $1 $19 33. Rxe5 Rxf2+ {KR-KR} 34. Ke3 Rf3+ 35. Kd4 Kc6 ({Weaker is} 35... Rxg3 36. Rxf5 Ke6 37. Re5+ Kf6 38. Rxd5 $11) 36. a4 f4 $2 ({Not} 36... Rxg3 37. Rxf5 Kd7 38. Rxd5+ Ke6 39. Rg5 $11) (36... Kd6 $19 {[%cal Of3d3] ( -> ...Rxd3+!)} 37. Rxd5+ Ke6 38. Re5+ Kf6) 37. b5+ $11 Kd6 {[%cal Of3d3]} 38. Rxd5+ Ke6 {[%cal Of3d3]} 39. Re5+ $2 {[%mdl 8192]} (39. Ke4 $1 $11) 39... Kf6 $19 {[%cal Of3d3]} 40. Re4 Kf5 (40... fxg3 $19 {Hoping for ...Kg5.} 41. Rxg4 Kf5) 41. Re5+ $11 Kf6 $2 {[%mdl 8192]} (41... Kg6 $11 42. gxf4 Rxf4+ 43. Ke3 Rxa4) 42. Re4 $19 fxg3 43. Rxg4 Kf5 44. Rg8 Kf4 $2 (44... Rf4+ $19 45. Ke3 Rg4 46. Rf8+ Ke5) 45. Rf8+ $2 {[%mdl 8192]} (45. Rg7 $11) 45... Kg4 46. Rg8+ Kh3 47. Ke4 Rf1 48. Rh8+ Kg2 {[#] Strongly threatening ...Kf2.} 49. d4 Ra1 $2 (49... Kf2 $19 {White must now prevent ...g2.} 50. Rf8+ Kg1) 50. d5 $1 $11 Rxa4+ (50... Kf2 $5 51. Rf8+ Kg2 $11) 51. Ke3 {aiming for d6.} Ra3+ 52. Ke4 $1 Ra4+ 53. Ke3 Ra1 {...Re1+ is the strong threat.} 54. Ke2 {[%mdl 8192] Prevents Re1+.} (54. d6 $11 Rd1 55. Rd8) 54... Rh1 $2 (54... Rb1 $19 55. Kd3 Kf3 56. Rf8+ Kg4 57. Rg8+ Kf4 58. Rf8+ Ke5) 55. Rxh1 {The position is equal.} Kxh1 56. d6 g2 57. d7 g1=Q 58. d8=Q {Inhibits Qd4.  Weighted Error Value: White=0.55/Black=0.39} 1/2-1/2

[Event "Spring Tour GM Mix B 2022"]
[Site "Cattolica"]
[Date "2022.03.12"]
[Round "4.7"]
[White "Kanyamarala, Tarun"]
[Black "Marzaduri, Riccardo"]
[Result "1-0"]
[WhiteElo "2343"]
[BlackElo "2180"]
[Annotator "RC"]
[PlyCount "67"]
[EventDate "2022.03.10"]
[EventType "swiss"]
[EventCountry "ITA"]
[SourceTitle "playchess.com"]
[Source "ChessBase"]
[SourceQuality "1"]
[TimeControl "5400+30"]

1. d4 {[%emt 0:00:04]} d5 {[%emt 0:02:14]} 2. c4 {[%emt 0:00:10]} c6 {[%emt 0:00:05]} 3. Nf3 {[%emt 0:00:06]} e6 {[%emt 0:00:06]} 4. Qc2 {[%emt 0:01:48]} f5 {[%emt 0:01:05]} 5. Nc3 {[%emt 0:11:18]} Nf6 {[%emt 0:03:45]} 6. Bg5 {[%emt 0:07:24]} Be7 {[%emt 0:02:45]} 7. e3 {[%emt 0:00:26]} O-O {[%emt 0:07:02]} 8. h3 {[%emt 0:05:25]} Ne4 {[%emt 0:04:11]} 9. Bf4 {[%emt 0:08:56]} Bb4 {[%emt 0:10:34]} 10. Rc1 {[%emt 0:11:57]} Qa5 {[%emt 0:03:02]} 11. Nd2 {[%emt 0:00:37]} Nd7 {[%emt 0:03:28]} 12. Ndxe4 {[%emt 0:09:19]} fxe4 {[%emt 0:00:44]} 13. a3 {[%emt 0:00:52]} Be7 {[%emt 0:02:42]} 14. Be2 {[%emt 0:02:56]} e5 {[%emt 0:16:11]} 15. Bxe5 {[%emt 0:15:12]} Nxe5 {[%emt 0:00:47]} 16. dxe5 {[%emt 0:00:06]} Be6 {[%emt 0:02:58]} 17. O-O {[%emt 0:00:12]} Qb6 {[%emt 0:14:41]} 18. cxd5 {[%emt 0:07:42]} cxd5 {[%emt 0:02:25]} 19. Bg4 {[%emt 0:05:05]} Bf7 {[%emt 0:06:12]} 20. e6 {[%emt 0:05:04]} Bxe6 {[%emt 0:00:28]} 21. Bxe6+ {[%emt 0:00:31]} Qxe6 {[%emt 0:00:02]} 22. Qb3 {[%emt 0:00:11]} Rf5 {[%emt 0:02:41]} 23. Rcd1 {[%emt 0:03:21]} Rd8 {[%emt 0:00:25]} 24. Rd4 {[%emt 0:00:10]} Kf7 {[%emt 0:01:20]} 25. Rfd1 {[%emt 0:01:06]} Bf6 {[%emt 0:02:20]} 26. Rxd5 {[%emt 0:00:28]} Rfxd5 {[%emt 0:04:44]} 27. Rxd5 {[%emt 0:01:13]} Rxd5 {[%emt 0:01:52]} 28. Nxd5 {[%emt 0:00:07]} b6 {[%emt 0:01:03]} 29. Qc4 {[%emt 0:01:07]} Bxb2 {[%emt 0:01:35]} 30. Qc7+ {[%emt 0:00:19]} Kf8 {[%emt 0:00:08]} 31. Qb8+ {[%emt 0:00:20]} Qe8 {[%emt 0:01:42]} 32. Qxa7 {[%emt 0:00:26]} Qc6 {[%emt 0:01:47]} 33. Qe7+ {[%emt 0:00:33]} Kg8 {[%emt 0:00:02]} 34. Qxe4 {[%emt 0:00:07]} 1-0

[Event "Spring Tour GM Mix B 2022"]
[Site "Cattolica"]
[Date "2022.03.12"]
[Round "4.8"]
[White "Begmuratov, Khumoyun"]
[Black "Davtyan, Artur"]
[Result "1/2-1/2"]
[WhiteElo "2358"]
[BlackElo "2460"]
[Annotator "TA"]
[PlyCount "35"]
[EventDate "2022.03.10"]
[EventType "swiss"]
[EventCountry "ITA"]
[SourceTitle "playchess.com"]
[Source "ChessBase"]
[SourceQuality "1"]

{[%evp 13,35,11,25,9,18,12,20,12,7,10,4,14,6,-11,-3,-3,0,-3,0,0,0,0,0,-14]} 1. e4 e6 2. d4 d5 3. exd5 exd5 4. Bd3 Nf6 5. Nf3 Be7 6. O-O O-O 7. h3 Nbd7 {[%cal Bb8d7,Bd7f8,Bf8g6][%mdl 32]} 8. Bf4 {C01: French: Exchange Variation.} Re8 {The position is equal.} 9. c3 Nf8 10. Re1 Ng6 11. Bh2 {[#]} Bd6 $146 ({Predecessor:} 11... Be6 12. Nbd2 Bd6 13. Bxd6 Qxd6 14. Bxg6 fxg6 15. Ne5 c6 16. Re3 Re7 17. Qa4 a6 {½-½ (23) Thesing,G (1960)-Kellermann,F (1908) GER email 2007}) 12. Rxe8+ Nxe8 13. Bxd6 Nxd6 14. Qc2 Qf6 {[%cal Oc8h3]} 15. Nbd2 c6 16. Re1 Bf5 17. Bxf5 Qxf5 18. Qxf5 {A rather calm draw.  Weighted Error Value: White=0.05 (flawless) /Black=0.01 (flawless)} 1/2-1/2

[Event "Spring Tour GM Mix B 2022"]
[Site "Cattolica"]
[Date "2022.03.12"]
[Round "4.9"]
[White "Moroni, Luca Jr"]
[Black "Mirzoev, Emil"]
[Result "1/2-1/2"]
[WhiteElo "2588"]
[BlackElo "2460"]
[Annotator "TA"]
[PlyCount "81"]
[EventDate "2022.03.10"]
[EventType "swiss"]
[EventCountry "ITA"]
[SourceTitle "playchess.com"]
[Source "ChessBase"]
[SourceQuality "1"]

{[%evp 9,81,24,24,20,16,16,17,14,21,-17,39,35,35,43,34,23,66,-9,-7,-24,0,0,0,0,0,0,10,0,0,0,0,-5,-14,-18,-1,-8,24,24,19,9,14,0,0,0,0,0,0,0,0,0,0,0,0,0,0,-10,0,0,0,0,0,0,0,0,0,-20,-15,-70,-70,-81,-69,-70,0,-7]} 1. c4 e5 2. Nc3 Nc6 3. e3 f5 4. d4 d6 5. Nf3 e4 6. Nd2 {A25: English Opening vs King's Indian with ...Nc6 but without early d3.} Nf6 7. Be2 g6 8. h3 {[#]} Ne7 $146 ({Predecessor:} 8... h5 9. a3 Bg7 10. Qc2 Ne7 11. b3 c6 12. Bb2 Be6 13. b4 O-O 14. f4 Rc8 15. Qd1 {½-½ (44) Hering,F-Lipinsky,F (2290) Germany 1997}) 9. g4 c5 (9... Bg7 $11) 10. Nb3 $14 Nc6 11. dxc5 dxc5 12. Qxd8+ Nxd8 (12... Kxd8 $11 13. Bd2 b6) 13. g5 (13. Bd2 $14) 13... Nd7 $11 14. Nd5 {[#] And now Nc7+ would win.} Ne6 {To avoid Nc7+} 15. Bd2 Bg7 16. O-O-O Kf7 17. h4 b6 18. Bc3 Bxc3 19. Nxc3 Rd8 20. f3 exf3 21. Bxf3 Rb8 22. Rhf1 Bb7 23. Bxb7 Rxb7 24. e4 f4 25. Ne2 Ke7 26. Nxf4 Nxf4 27. Rxf4 Ne5 {aiming for ...Nd3+.} 28. Rxd8 Kxd8 {[%mdl 4096] Endgame KRN-KRN} 29. Rf8+ Ke7 {[%cal Bd8e7,Be7e6,Be6e5,Be5f4,Bf4g4,Bg4g3][%mdl 32]} 30. Rh8 Ke6 31. Nd2 Rf7 32. b3 Nd3+ 33. Kd1 Ke5 34. Rd8 Nf2+ 35. Ke2 Ng4 36. Rd5+ Kf4 37. Rd3 {Rf3+ is the strong threat.} Ne5 {Inhibits Rf3+.} 38. Rh3 ({Better is} 38. Rd5 $11) 38... Kg4 $15 39. Rh1 {[#]} Kg3 $1 40. h5 gxh5 (40... Rf2+ $15 41. Ke3 Ng4+ 42. Kd3 Kf4) 41. Rxh5 {Weighted Error Value: White=0.11 (very precise) /Black=0.11 (very precise)} 1/2-1/2

[Event "Spring Tour GM Mix B 2022"]
[Site "Cattolica"]
[Date "2022.03.12"]
[Round "4.10"]
[White "Roshka, Yevgeniy"]
[Black "Williams, Simon K"]
[Result "1/2-1/2"]
[WhiteElo "2478"]
[BlackElo "2464"]
[Annotator "TA"]
[PlyCount "60"]
[EventDate "2022.03.10"]
[EventType "swiss"]
[EventCountry "ITA"]
[SourceTitle "playchess.com"]
[Source "ChessBase"]
[SourceQuality "1"]

{[%evp 9,60,20,26,27,28,25,27,41,42,8,12,5,6,8,12,0,0,0,0,-119,-118,-114,-129,-129,-85,-87,-80,-77,-59,-83,-85,-85,-90,-74,-82,-97,-70,-160,-164,-176,-164,-152,-116,-154,-15,-15,-9,-17,0,-17,-12,-66,-69]} 1. d4 g6 2. e4 Bg7 3. c4 e6 4. Nc3 Ne7 5. Nf3 {[%cal Bg1f3,Bf3d2,Bd2c4,Bc4d6][%mdl 32]} d5 6. e5 {A40: Unusual replies to 1 d4.} O-O {[%cal Oc7c5]} 7. Bg5 dxc4 {[#]} 8. Qd2 $146 {White has an edge.} ({Predecessor:} 8. Bxc4 h6 9. Be3 Nf5 10. Qd2 b6 11. Bd3 Bb7 12. Bxf5 exf5 13. Bxh6 Bxh6 14. Qxh6 Bxf3 15. gxf3 Qxd4 {½-½ (24) Goryachkina,A (2602)-Andreikin,D (2728) Ufa 2021}) 8... c5 9. dxc5 {Qxd8 is the strong threat.} (9. Bxc4 {seems wilder.} cxd4 10. Ne4 Nd7 11. Nf6+ Bxf6 12. exf6 Nf5 13. O-O) 9... Qxd2+ 10. Nxd2 Nd5 11. Nxc4 Nd7 {[%csl LRc5,LRe5]} 12. Nxd5 exd5 13. Nd6 Bxe5 14. O-O-O (14. Be7 $1 $11 {remains equal.}) 14... Nxc5 $17 15. Be7 Be6 16. b4 Na4 ({Black should play} 16... Ne4 $1 17. Nxe4 Rfc8+ 18. Nc5 Rc7) 17. Bxf8 Kxf8 18. Nxb7 Nc3 19. Re1 Nxa2+ 20. Kb1 Nxb4 {Strongly threatening ...Bf5+.} 21. Rxe5 Rb8 $1 22. Kc1 {And now Na5 would win.} Rxb7 23. Be2 (23. Kd2 $1 $15) 23... Rc7+ 24. Kb2 {[#]} Rc2+ $1 25. Kb3 a5 {Threatens to win with ...d4+.} 26. Bf3 {[%cal Of3d5] [#]} Rxf2 ({Better is} 26... d4+ $1 $17 27. Ka4 Nd3 28. Rxa5 Bc4) 27. Re2 $1 $11 Rxe2 28. Bxe2 Nc6 {White must now prevent ...Nd4+.} 29. Ka4 Ke7 30. Rd1 (30. Bb5 $11 Kd6 31. Bxc6 Kxc6 32. Kxa5) 30... Kd6 {Weighted Error Value: White=0.17 (very precise) /Black=0.13 (very precise)} 1/2-1/2